[Event "Bela Crkva op"]
[Site "Bela Crkva"]
[Date "1983.??.??"]
[Round "5"]
[White "Vukic, Milan"]
[Black "Mirkovic, Slobodan"]
[Result "1-0"]
[WhiteElo "2465"]
[BlackElo "2315"]

1.Nf3 d5 2.c4 e6 3.g3 Nf6 4.Bg2 Be7 5.O-O O-O 6.d4 Nbd7 7.Qc2 c6 8.b3 Re8
9.Bb2 Bd6 10.Nbd2 Qe7 11.e4 dxe4 12.Nxe4 Nxe4 13.Qxe4 c5 14.Rad1 Nf6 15.Qc2 cxd4
16.Nxd4 a6 17.Nc6 bxc6 18.Bxc6 Rb8 19.Bxf6 gxf6 20.Bxe8 Bb7 21.Bxf7+ Kxf7
22.c5 Be5 23.f4 Bc7 24.c6 Bb6+ 25.Kg2  1-0

[Event "Biel"]
[Site "Biel"]
[Date "1983.??.??"]
[Round "?"]
[White "Gheorghiu, Florin"]
[Black "Meduna, Eduard"]
[Result "1/2-1/2"]
[WhiteElo "2475"]
[BlackElo "2465"]

1.Nf3 d5 2.c4 c6 3.e3 Nf6 4.Nc3 g6 5.d4 Bg7 6.Be2 O-O 7.O-O Be6 8.cxd5 cxd5
9.Qb3 Qb6 10.Qxb6 axb6 11.b3 Rc8 12.Bb2 Nc6 13.Na4 Nd7 14.Rfc1 h6 15.Nc3 f5
16.Ne1 Bf7 17.Nb5 Bf8 18.Nd3 e6 19.a4 Nf6 20.f3 Be8 21.Bd1 Bd7 22.Ba3 Ne8
23.Bxf8 Kxf8  1/2-1/2

[Event "Bor"]
[Site "Bor"]
[Date "1983.??.??"]
[Round "8"]
[White "Rukavina, Josip"]
[Black "Inkiov, Ventzislav"]
[Result "0-1"]
[WhiteElo "2465"]
[BlackElo "2500"]

1.Nf3 d5 2.c4 e6 3.d4 Nf6 4.Bg5 Bb4+ 5.Nc3 h6 6.Bxf6 Qxf6 7.e3 O-O 8.Rc1 Bxc3+
9.Rxc3 c6 10.Be2 dxc4 11.Bxc4 Nd7 12.O-O e5 13.Qc2 exd4 14.Nxd4 c5 15.Ne2 Rb8
16.Bb5 b6 17.Ra3 Ne5 18.Rxa7 Bb7 19.e4 Nc6 20.Bxc6 Qxc6 21.Ng3 Rfd8 22.Ra3 Rd4
23.Rd1 Rxd1+ 24.Qxd1 Qe6 25.Qd3 c4 26.Qf3 Rd8 27.h3 b5 28.Re3 b4 29.Qf4 Qd6
30.Qf5 Qc7 31.e5 Qc6 32.Qe4 Rd2 33.Qxc6 Bxc6 34.Nf5 Bd7 35.Nd6 Be6 36.Re4 c3
37.bxc3 bxc3 38.Re1 c2 39.Kf1 Rd1  0-1

[Event "Elekes mem-B"]
[Site "Budapest"]
[Date "1983.??.??"]
[Round "?"]
[White "Lanc, Alois"]
[Black "Radnoti, Bela"]
[Result "1/2-1/2"]
[WhiteElo "2410"]
[BlackElo "2260"]

1.Nf3 d5 2.c4 dxc4 3.Na3 Nf6 4.Nxc4 g6 5.g3 Bg7 6.Bg2 O-O 7.O-O Nbd7 8.d3 Nb6
9.Na5 c6 10.Bd2 Ne8 11.Qc2 Nd6 12.Rac1 Bg4 13.h3 Bxf3 14.Bxf3 Qd7 15.Bg2 c5
16.Qxc5 Bxb2 17.Rb1 Bf6 18.Rfc1 Rfc8 19.Qb4 Rxc1+ 20.Rxc1 Rc8 21.Rxc8+ Qxc8
22.Bf4 Bc3 23.Qa3 Nb5 24.Qxe7 Bxa5 25.Bxb7 Qe6 26.Qd8+ Kg7 27.h4 Bc3 28.h5 h6
29.hxg6 Bf6 30.Qb8 fxg6 31.Ba6 Nc3 32.Qxa7+ Kh8 33.Qb8+ Kh7 34.Qb7+ Kh8 35.Qb8+ Kh7
36.Qb7+ Kh8 37.Qb8+ Kh7  1/2-1/2

[Event "Buenos Aires-B"]
[Site "Buenos Aires"]
[Date "1983.??.??"]
[Round "1"]
[White "Aparicio, Anibal"]
[Black "Hase, Juan C"]
[Result "1-0"]
[WhiteElo "2310"]
[BlackElo "2415"]

1.Nf3 d5 2.c4 dxc4 3.e3 Nf6 4.Bxc4 e6 5.O-O a6 6.a4 c5 7.Qe2 Nc6 8.Rd1 Be7
9.d4 cxd4 10.Nxd4 Nxd4 11.exd4 Bd7 12.Bg5 Bc6 13.Bxf6 gxf6 14.d5 exd5 15.Nc3 dxc4
16.Rxd8+ Rxd8 17.Re1 Rd7 18.Qxc4 O-O 19.b4 Rfd8 20.Qg4+ Kh8 21.f3 Rd4 22.Qf5 Bd7
23.Qh5 Bxb4 24.Qxf7 Rf8 25.Qh5 Bc6 26.Ne2 Rd5 27.Qh6 Re5 28.Rb1 Bc5+ 29.Kf1 Rf7
30.Nf4 Be3 31.Qh4 Re8 32.Nh5 Bc5 33.Qc4 Rfe7 34.Nxf6  1-0

[Event "Buenos Aires-B"]
[Site "Buenos Aires"]
[Date "1983.??.??"]
[Round "5"]
[White "Szmetan, Jorge"]
[Black "Bronstein, Luis"]
[Result "1/2-1/2"]
[WhiteElo "2385"]
[BlackElo "2415"]

1.Nf3 d5 2.c4 e6 3.g3 Nf6 4.b3 c5 5.Bg2 Nc6 6.O-O Be7 7.e3 dxc4 8.bxc4 O-O
9.d4 Qb6 10.Nc3 Rd8 11.d5 Qa6 12.Nd2 exd5 13.cxd5 Ne5 14.e4 c4 15.h3 Bc5
16.Rb1 Nd3 17.Nb5 Qxa2 18.Bb2 Bd7 19.Bxf6 gxf6 20.Ra1 Qb2 21.Rb1 Qa2 22.Ra1 Qb2
23.Rb1  1/2-1/2

[Event "Buenos Aires"]
[Site "Buenos Aires"]
[Date "1983.??.??"]
[Round "8"]
[White "Larsen, Bent"]
[Black "Hase, Juan C"]
[Result "1/2-1/2"]
[WhiteElo "2555"]
[BlackElo "2415"]

1.Nf3 d5 2.c4 e6 3.b3 Nf6 4.g3 Be7 5.Bg2 O-O 6.Bb2 c5 7.cxd5 Nxd5 8.Nc3 Bf6
9.Qc2 Nc6 10.Rc1 Re8 11.O-O b6 12.Nxd5 exd5 13.Rfe1 Bg4 14.h3 Bxb2 15.Qxb2 Bxf3
16.Bxf3 Nd4 17.Kg2 Qf6 18.Qb1 Nxf3 19.exf3 Qd4 20.Qc2 g6 21.Re3 Rad8 22.h4 h5
23.Rce1 Rxe3 24.fxe3 Qe5 25.a4 Rc8 26.d3 Qe6 27.Re2 c4 28.d4 cxb3 29.Qxb3 Rc4
30.a5 Rxd4 31.axb6 axb6 32.Ra2 Rc4 33.Ra8+ Rc8 34.Rxc8+ Qxc8 35.Qxb6 Qc2+
36.Kf1 Qd1+ 37.Kf2 Qd2+ 38.Kf1 Qd1+  1/2-1/2

[Event "Buenos Aires"]
[Site "Buenos Aires"]
[Date "1983.??.??"]
[Round "11"]
[White "Panno, Oscar"]
[Black "Schweber, Samuel"]
[Result "1/2-1/2"]
[WhiteElo "2500"]
[BlackElo "2420"]

1.Nf3 d5 2.c4 e6 3.d4 Nf6 4.Nc3 Bb4 5.e3 O-O 6.a3 Bxc3+ 7.bxc3 c5 8.Bd3 dxc4
9.Bxc4 Nc6 10.O-O Qc7 11.Bb5 b6 12.Qe2 Bb7 13.e4 e5 14.d5 Ne7 15.Bd3 Ng6
16.c4 Bc8 17.Re1 Ne8 18.a4 a5 19.Qc2 Qd6 20.Bb2 Nc7 21.Qc3 f6 22.Nd2 Na6
23.Nf1 Nb4 24.Bb1 Ra7 25.Ne3 Qd8 26.g3 Nh8 27.Ra3 Nf7 28.Qc1 Nd6 29.Qd1 Re7
30.Rc3 Qe8 31.Kh1 Bd7 32.Ra3 Qf7 33.g4 g5 34.Qe2 Qe8 35.Bc2 Rg7 36.Nf5 Bxf5
37.gxf5 h5 38.Rg1 h4 39.Bd1 Rh7 40.h3 Rff7 41.Kg2 Kf8 42.Kf1 Rfg7 43.Ke1 Na6
44.Kd2 Nb8 45.Kd3 Qc8 46.Qc2 Na6 47.Kc3 Nb4 48.Qe2 Qe8 49.Qe3 Na6 50.Ra1 Nb8
51.Be2 Nd7 52.Bc1 Qa8 53.Bd2 Ke7 54.Rab1 Rg8 55.Rg4 Rgg7 56.Bd3 Qb8 57.Qe1 Qc7
58.Rb2 Qd8 59.Be3 Kf8 60.Qg1 Kg8 61.Rb3 Kh8 62.Qb1 Qc7 63.Be2 Rg8 64.Rg1 Qd8
65.Rd1 Qc7 66.Rd2 Kg7 67.Rdb2 Rd8 68.Kd3 Qa7 69.Qc1 Kf7 70.Qd1 Rdh8 71.Rb1 Qa6
72.Rc3 Qc8 73.Bg4 Qa8 74.Qf3 Qa6 75.Qg2 Rg7 76.Be2 Rgg8 77.Rg1 Qa8 78.Qf1 Rg7
79.Rg2 Qd8 80.Qg1 Rgh7 81.Rb3 Rg8 82.Qb1 Qc7 83.Kc3 Qd8 84.Bd3 Qc7 85.f3 Rb8
86.Kb2 Ne8 87.Ka3 Qd6 88.Bd2 Ng7 89.Be1 Nh5 90.Rgb2 Rhh8 91.Rb5 Nf4 92.Bf1 Ke7
93.R2b3 Rhg8 94.Bd2 Kf7  1/2-1/2

[Event "Buenos Aires-B"]
[Site "Buenos Aires"]
[Date "1983.??.??"]
[Round "12"]
[White "Monier, Raul"]
[Black "Hase, Juan C"]
[Result "1/2-1/2"]
[WhiteElo "2200"]
[BlackElo "2415"]

1.Nf3 d5 2.c4 e6 3.d4 Nf6 4.Nc3 Bb4 5.e3 O-O 6.Bd3 c5 7.O-O Nc6 8.a3 Bxc3
9.bxc3 dxc4 10.Bxc4 Qc7 11.Qc2 e5 12.Bd3 Re8 13.e4 c4 14.Bxc4 exd4  1/2-1/2

[Event "Copenhagen"]
[Site "Copenhagen"]
[Date "1983.??.??"]
[Round "7"]
[White "Hansen, Curt"]
[Black "Iskov, Gert"]
[Result "1/2-1/2"]
[WhiteElo "2450"]
[BlackElo "2365"]

1.Nf3 d5 2.c4 c6 3.b3 Nf6 4.g3 g6 5.Bb2 Bg7 6.Bg2 O-O 7.O-O Bg4 8.d3 Bxf3
9.Bxf3 e6 10.Nd2 Nbd7 11.Qc2 Ne8 12.Bxg7 Nxg7 13.Bg2 Nf5 14.Nf3 Qf6 15.e3 Rac8
16.Rac1 Rfd8 17.Rfe1 Rc7 18.e4 dxe4 19.dxe4 Nd4 20.Nxd4 Qxd4 21.e5 Rcc8 22.Rcd1 Qc5
23.Qc3 Nb6 24.Rd3 Rxd3 25.Qxd3 Kg7 26.h4 Qa5 27.Re2 Rc7 28.h5 Rd7 29.Qf3 Rd1+
30.Kh2 Nd7 31.Qf4 Re1 32.h6+ Kf8 33.Rxe1 Qxe1 34.Qd4 Ke8 35.f4 Qa5 36.a4 Qc5
37.Qd2 Qa3 38.Qa5 Qc5 39.Qc7 Qb4 40.a5 a6 41.Qc8+  1/2-1/2

[Event "URS-ch sf"]
[Site "Irkutsk"]
[Date "1983.??.??"]
[Round "?"]
[White "Arbakov, Valentin"]
[Black "Kharitonov, Andrei Y"]
[Result "0-1"]
[WhiteElo "2425"]
[BlackElo "2430"]

1.Nf3 d5 2.c4 e6 3.g3 Nf6 4.Bg2 dxc4 5.Qa4+ Nbd7 6.Qxc4 c5 7.O-O b6 8.d4 Bb7
9.Nc3 a6 10.dxc5 Bxc5 11.a3 b5 12.Qf4 O-O 13.e4 Rc8 14.Re1 Qb6 15.Re2 Bd6
16.Qh4 Ne5 17.Be3 Qc7 18.Nxe5 Bxe5 19.Bf4 Rfd8 20.Rae1 Bxf4 21.gxf4 Rd4 22.Re3 Qd8
23.Rh3 h6 24.Rg3 Kf8 25.Bf3 Qb6 26.e5 Ne8 27.Be4 Rxc3 28.Rxc3 Bxe4 29.Qg3 Qd8
30.Qe3 Bb7 31.f3 Kg8 32.Re2 Rd1+ 33.Kg2 g6 34.h3 Ng7 35.Qa7 Nh5 36.Qxb7 Qh4  0-1

[Event "URS-ch sf"]
[Site "Irkutsk"]
[Date "1983.??.??"]
[Round "?"]
[White "Panchenko, Alexander N"]
[Black "Palatnik, Semon"]
[Result "1/2-1/2"]
[WhiteElo "2475"]
[BlackElo "2480"]

1.Nf3 d5 2.c4 c6 3.d4 Nf6 4.cxd5 cxd5 5.Nc3 Nc6 6.Bf4 Bf5 7.e3 e6 8.Bd3 Bxd3
9.Qxd3 Bd6 10.Bxd6 Qxd6 11.O-O O-O 12.Rac1 Rac8 13.h3 h6 14.a3 a6 15.Rc2 Rc7
16.Rfc1 Rfc8 17.Ne2 Nd8 18.Rxc7 Rxc7 19.Rxc7 Qxc7 20.Qc3 Qxc3 21.Nxc3 Nc6
22.Kf1 Kf8 23.Ke2 Ke7 24.Kd3 Kd6 25.Nd2 Nb8 26.f3 Ng8 27.Ne2 Ne7 28.Ng3 g6
29.Ne2 Nd7 30.Nc3 Nc6 31.b3 b5 32.Na2  1/2-1/2

[Event "Lvov"]
[Site "Lvov"]
[Date "1983.??.??"]
[Round "?"]
[White "Pribyl, Josef"]
[Black "Vorotnikov, Vladislav V"]
[Result "0-1"]
[WhiteElo "2415"]
[BlackElo "2470"]

1.Nf3 d5 2.c4 c6 3.b3 Bg4 4.Bb2 e6 5.e3 Nd7 6.Be2 Ngf6 7.h3 Bh5 8.d3 Bg6
9.O-O Bd6 10.Nbd2 h6 11.e4 dxe4 12.Nxe4 Bxe4 13.dxe4 Qc7 14.Qc2 Ne5 15.Rad1 Nxf3+
16.Bxf3 Be5 17.Bc1 c5 18.Be2 g5 19.Rfe1 Ke7 20.Bf1 Rad8 21.a3 Rxd1 22.Rxd1 Rd8
23.Rxd8 Kxd8 24.b4 Bd4 25.Bd3 Qg3 26.Bb2 Qe5 27.Bxd4 Qxd4 28.Qb1 g4 29.hxg4 Nxg4
30.Qc2 cxb4 31.axb4 Qd6 32.g3 Qxb4 33.Qd1 Ne5 34.Bf1+ Ke7 35.Qc1 Qc5 36.Be2 b5
37.Qxh6 bxc4 38.Qg5+ Ke8 39.Kg2 c3 40.Bd1 Qd4 41.Bc2 a5 42.Qg8+ Ke7 43.Qb8 a4
44.Qa8 Ng4 45.Bxa4 Qxf2+ 46.Kh3 Nf6 47.Qb7+ Kf8 48.Qc8+ Kg7 49.Qxc3 Qf1+
50.Kh2 Kg6 51.g4 Qe2+ 52.Kh3 Qxg4+ 53.Kh2 Nxe4 54.Bc2 f5 55.Bxe4 Qxe4 56.Qh8 Qc2+
57.Kg3 Qc7+ 58.Kf3 e5 59.Qe8+ Kf6 60.Qf8+ Qf7 61.Qh8+ Qg7 62.Qd8+ Kg6 63.Qe8+ Kg5
64.Qd8+ Kh5 65.Qe8+ Kh4 66.Qe7+ Qxe7  0-1

[Event "URS-ch sf"]
[Site "Minsk"]
[Date "1983.??.??"]
[Round "?"]
[White "Eingorn, Vereslav S"]
[Black "Bronstein, David I"]
[Result "1/2-1/2"]
[WhiteElo "2450"]
[BlackElo "2490"]

1.Nf3 d5 2.c4 d4 3.b4 g6 4.Bb2 Bg7 5.e3 e5 6.exd4 e4 7.Qe2 Qe7 8.Ne5 f6 9.Ng4 Bxg4
10.Qxg4 Nc6 11.Nc3 f5 12.Qg3 O-O-O 13.Nd5 Qf7 14.O-O-O Nf6 15.b5 Nxd4 16.Bxd4 Nxd5
17.Bxg7 Qxg7 18.cxd5 Qa1+ 19.Kc2 Qxa2+ 20.Kc1 Qa1+  1/2-1/2

[Event "URS-ch sf"]
[Site "Minsk"]
[Date "1983.??.??"]
[Round "?"]
[White "Eingorn, Vereslav S"]
[Black "Klovans, Janis"]
[Result "1-0"]
[WhiteElo "2450"]
[BlackElo "2450"]

1.Nf3 d5 2.c4 e6 3.g3 Nf6 4.Bg2 dxc4 5.Qc2 Nbd7 6.Na3 c5 7.Nxc4 b5 8.Nce5 Nxe5
9.Nxe5 Nd5 10.a4 Bd6 11.Nc6 Qb6 12.axb5 Bb7 13.Bxd5 exd5 14.Na5 Bc8 15.Nc4 Qb8
16.Nxd6+ Qxd6 17.d4 c4 18.O-O O-O 19.b3 cxb3 20.Qxb3 Re8 21.Re1 Bh3 22.Bf4 Qd7
23.Rac1 h6 24.Rc5 Rad8 25.f3 Re6 26.Kf2 g5 27.Be5 Qb7 28.Qd3 Rc8 29.Rec1 Rxc5
30.Rxc5 Re7 31.g4 Qd7 32.Rc7 Qe8 33.Qf5 Rxc7 34.Qf6 Kf8 35.Qxh6+  1-0

[Event "URS-ch sf"]
[Site "Minsk"]
[Date "1983.??.??"]
[Round "?"]
[White "Vyzmanavin, Alexey"]
[Black "Zaitsev, Igor A"]
[Result "1-0"]
[WhiteElo "2480"]
[BlackElo "2445"]

1.Nf3 d5 2.c4 e6 3.b3 Nf6 4.g3 c5 5.Bb2 Be7 6.Bg2 O-O 7.O-O Nc6 8.e3 d4 9.exd4 cxd4
10.Re1 Re8 11.a3 a5 12.d3 Bf8 13.Ne5 Nxe5 14.Rxe5 Nd7 15.Rb5 Nc5 16.b4 axb4
17.axb4 Rxa1 18.Bxa1 Na6 19.Qb3 e5 20.Nd2 Nxb4 21.Rxb4 Qa5 22.Qa4 Qxb4 23.Qxe8 Be6
24.Nf1 Qb3 25.Qb5 Qd1 26.Bb2 Qb1 27.Bxb7 Qxd3 28.Qxe5 Qb3 29.Qb5 Qd1 30.Bd5 Bh3
31.Bg2 Bxg2 32.Kxg2 Qc2 33.Qb8 Qe4+ 34.Kg1 Qb1 35.Qb6 d3 36.Qd4 Qc2 37.Ne3 Qe2
38.Bc3 h5 39.Kg2  1-0

[Event "Netanya"]
[Site "Netanya"]
[Date "1983.??.??"]
[Round "3"]
[White "Greenfeld, Alon"]
[Black "Pachman, Ludek"]
[Result "1-0"]
[WhiteElo "2460"]
[BlackElo "2455"]

1.Nf3 d5 2.c4 c6 3.d4 Nf6 4.e3 e6 5.Bd3 Nbd7 6.O-O dxc4 7.Bxc4 Bd6 8.Nc3 O-O
9.e4 e5 10.Bg5 Qe7 11.Re1 Nb6 12.Be2 Rd8 13.dxe5 Bxe5 14.Qc2 Re8 15.Rad1 Bd7
16.Nxe5 Qxe5 17.Bh4 Nh5 18.Qd2 Nf4 19.Bf1 Be6 20.Bg3 g5 21.h4 h6 22.Ne2 Red8
23.Bxf4 gxf4 24.Qxf4 Qxf4 25.Rxd8+ Rxd8 26.Nxf4 Bxa2 27.Ra1 Bc4 28.Bxc4 Nxc4
29.Rxa7 Rd1+ 30.Kh2 Rd2 31.b3 Ne5 32.Kg3 Nd3 33.f3 Nxf4 34.Kxf4 Rxg2 35.Rxb7 Rh2
36.Kg4 Rg2+ 37.Kf5 Rh2 38.Kg4 Rg2+ 39.Kf4 Rh2 40.Kg3 Rb2 41.e5 c5 42.Rb5 Rc2
43.Rb8+ Kg7 44.Rb7 Kg8 45.Rb8+ Kg7 46.Rb7 Kg6 47.Kg4 Rg2+ 48.Kf4 Rh2 49.Rb6+ Kg7
50.Kg4 Rg2+ 51.Kf5 Rh2 52.Kg4 Rg2+ 53.Kf5 Rh2 54.f4 Rxh4 55.Rb7 Rh5+ 56.Ke4 Rh1
57.Kd5 Rd1+ 58.Kc6 Rf1 59.e6 Kf6 60.exf7 Kg7 61.Kxc5 h5 62.b4 h4 63.b5 h3
64.f8=Q+ Kxf8 65.Rh7 Rc1+ 66.Kd6 Rb1 67.Kc6 Rc1+ 68.Kb7 Rh1 69.b6 h2 70.Rh5 Kf7
71.Rf5+ Kg6 72.Rg5+ Kf6 73.Rg2 Kf5 74.Rf2 Ke6 75.Rc2  1-0

[Event "Marshall CC-ch"]
[Site "New York"]
[Date "1983.??.??"]
[Round "4"]
[White "Herbst, J."]
[Black "Shipman, Walter"]
[Result "0-1"]
[WhiteElo "2055"]
[BlackElo "2395"]

1.Nf3 d5 2.c4 e6 3.d4 Nf6 4.Nc3 Nbd7 5.Bf4 Bb4 6.Qa4 c5 7.a3 Bxc3+ 8.bxc3 O-O
9.cxd5 Nxd5 10.Bd2 N7b6 11.Qb3 cxd4 12.cxd4 Bd7 13.e4 Ba4 14.Qa2 Nf6 15.Bd3 e5
16.O-O exd4 17.Bg5 h6 18.Bh4 g5 19.Bg3 Bc6 20.Rfe1 Re8 21.Ne5 Qe7 22.Qe2 Nbd7
23.Nxc6 bxc6 24.e5 Nd5 25.Qe4 f6 26.Rac1 Rac8 27.Ba6 Rcd8 28.Rxc6 Nb8 29.Bc4 Nxc6
30.Bxd5+ Rxd5 31.Qxd5+ Qe6 32.Qc5 fxe5 33.Rc1 Rc8 34.Bxe5 Ne7 35.Bc7 Nd5
36.Qxa7 Nxc7 37.Qxd4 Ne8 38.Rd1 Nf6 39.h3 Nh5 40.Kh2 Nf4 41.Qd7 Qxd7 42.Rxd7 Ra8
43.g3 Ne6 44.Rd3 Kf7 45.f4 gxf4 46.gxf4 Ra4 47.f5 Nd4 48.Rc3 Nxf5 49.Rb3 Ke6
50.Kg2 Kd5 51.Rb5+ Ke6 52.Rb3 Ke5 53.Kf2 Kf4 54.Rf3+ Ke4 55.Rb3 h5 56.Rc3 h4
57.Rb3 Rc4 58.Rb2 Rc3 59.Ra2 Rf3+ 60.Kg1 Rg3+ 61.Kf1 Ne3+  0-1

[Event "Nis"]
[Site "Nis"]
[Date "1983.??.??"]
[Round "11"]
[White "Maksimovic, Branimir"]
[Black "Keca, Dragomir"]
[Result "1-0"]
[WhiteElo "2380"]
[BlackElo "2200"]

1.Nf3 d5 2.c4 d4 3.e3 c5 4.b4 dxe3 5.fxe3 cxb4 6.d4 e6 7.Bd3 Nc6 8.O-O Nf6
9.Bb2 Be7 10.e4 O-O 11.e5 Ng4 12.Qe2 h5 13.Nbd2 a5 14.h3 Nh6 15.Qe4 g6 16.g4 hxg4
17.hxg4 Kg7 18.Rf2 Rh8 19.Raf1 a4 20.Qf4 a3 21.Ba1 b3 22.axb3 Nb4 23.Be4 Bd7
24.Rh2 Qb6 25.Kg2 Rh7 26.d5 Rah8 27.Bd4 Qa5 28.Ng5 Bxg5 29.Qxg5 Ng8 30.Rxf7+ Kxf7
31.Bxg6+ Kf8 32.Rxh7 Rxh7 33.Bxh7 Ne7 34.Qf6+ Ke8 35.Qh8+ Kf7 36.Ne4 Nexd5
37.Nd6+ Ke7 38.Qg7+  1-0

[Event "Nis"]
[Site "Nis"]
[Date "1983.??.??"]
[Round "12"]
[White "Ilic, Zoran"]
[Black "Chandler, Murray G"]
[Result "1/2-1/2"]
[WhiteElo "2430"]
[BlackElo "2485"]

1.Nf3 d5 2.c4 e6 3.d4 c5 4.cxd5 exd5 5.Nc3 Nc6 6.Bf4 Nf6 7.e3 cxd4 8.Nxd4 Bb4
9.Bb5 Bd7 10.O-O O-O 11.Be2  1/2-1/2

[Event "US op"]
[Site "Pasadena"]
[Date "1983.??.??"]
[Round "?"]
[White "Gurevich, Dmitry"]
[Black "Bisguier, Arthur Bernard"]
[Result "1-0"]
[WhiteElo "2470"]
[BlackElo "2430"]

1.Nf3 d5 2.c4 c6 3.g3 dxc4 4.Bg2 Nd7 5.Na3 e5 6.Qc2 Bxa3 7.bxa3 Ne7 8.Bb2 f6
9.Qxc4 Nb6 10.Qb3 Ned5 11.O-O Be6 12.Qc2 Qd7 13.d4 Bh3 14.dxe5 Bxg2 15.Kxg2 O-O-O
16.exf6 gxf6 17.Rad1 Rhg8 18.Bxf6 Rdf8 19.Be5 Qe6 20.Qxh7 Nd7 21.e4 Qg4 22.Rd3 Rxf3
23.Rxf3 Nxe5 24.Qf5+ Qxf5 25.Rxf5 Ng6 26.Rg5 Nf6 27.e5 Nd5 28.h4 Kd7 29.Kh3 Ke6
30.f4 Nge7 31.f5+ Kf7 32.f6 Ng6 33.e6+ Kf8 34.h5 Nh8 35.Rxd5  1-0

[Event "BUL-ch"]
[Site "Pernik"]
[Date "1983.??.??"]
[Round "10"]
[White "Spiridonov, Nikola"]
[Black "Inkiov, Ventzislav"]
[Result "1/2-1/2"]
[WhiteElo "2425"]
[BlackElo "2500"]

1.Nf3 d5 2.c4 e6 3.g3 Nf6 4.Bg2 dxc4 5.Qa4+ Nbd7 6.O-O c5 7.Qxc4 b6 8.b3 Bb7
9.Bb2 Rc8 10.d3 Be7 11.Nbd2 O-O 12.Rac1 Rc7 13.Qc2 Qa8 14.Qb1 Rd8 15.Qa1 Rcc8
16.Nc4 Ne8  1/2-1/2

[Event "Prague"]
[Site "Prague"]
[Date "1983.??.??"]
[Round "6"]
[White "Neckar, Lubomir"]
[Black "Abramovic, Bosko"]
[Result "1-0"]
[WhiteElo "2425"]
[BlackElo "2475"]

1.Nf3 d5 2.c4 e6 3.g3 Nf6 4.Bg2 Be7 5.O-O O-O 6.d4 b6 7.Ne5 Bb7 8.Nc3 Na6
9.cxd5 exd5 10.Qa4 Qe8 11.Qxe8 Rfxe8 12.e3 c5 13.Rd1 Nc7 14.dxc5 bxc5 15.b3 Rab8
16.Ba3 d4 17.Bxb7 dxc3 18.Bc6 Red8 19.Rac1 Rxd1+ 20.Rxd1 Rb6 21.Ba4 a6 22.Nc4 Rb8
23.Bc6 Nb5 24.Bc1 Kf8 25.Kf1 Ne8 26.Ne5 Nf6 27.Rd3 Bd6 28.Nc4 Bc7 29.Bf3 Ke7
30.a4 Nd7 31.Bc6 Nd6 32.Nxd6 Ne5 33.Nf5+ Kf6 34.Rxc3 Kxf5 35.Rxc5 Bd6 36.Rc3 Bb4
37.Rc2 Ke6 38.Be4 f5 39.Bg2 Rd8 40.Ke2 Nd3 41.Bd2 Bxd2 42.Rxd2 Nc1+ 43.Kd1 Nd3
44.f3 Rd6 45.Bf1 Nb4 46.Bc4+ Ke7 47.Rxd6 Kxd6 48.a5 Nc6 49.Kd2 Nxa5 50.Kc3 Nc6
51.Bxa6 Kc5 52.Bc8 g6 53.f4 Nb4 54.Be6 Na2+ 55.Kd2  1-0

[Event "Kamen Piskov mem 3"]
[Site "Ruse"]
[Date "1983.??.??"]
[Round "2"]
[White "Arnaudov, Petar"]
[Black "Grkov, Dimitar"]
[Result "1/2-1/2"]
[WhiteElo "2345"]
[BlackElo "2330"]

1.Nf3 d5 2.c4 c6 3.Qc2 Nf6 4.g3 g6 5.b3 Bg7 6.Bb2 O-O 7.Bg2 a5 8.O-O a4 9.b4 dxc4
10.Qxc4 Be6 11.Qc2 Na6 12.a3 Bb3 13.Qc1 Rc8 14.d3 Qb6 15.Nbd2 Bd5 16.Nc4 Qd8
17.e4 Be6 18.Nd4 Bd7 19.Qd2 Be8 20.Ne2 c5 21.Rfd1 Bc6 22.Na5 Qb6 23.Nxc6 bxc6
24.Bc3 Rfd8 25.h3 Ne8 26.Rab1 Bxc3 27.Nxc3 cxb4 28.axb4 Qd4 29.Nxa4 Nd6 30.Qb2 Nb5
31.e5 Qxb2 32.Rxb2 Rd4 33.Nb6 Rb8 34.Nc4 Nc3 35.Rdd2 Rxb4 36.Bxc6 Rxb2 37.Rxb2 Rxd3
38.e6 fxe6 39.Ne5 Rd6 40.Bf3 Nc5 41.h4 Nd5 42.h5 gxh5 43.Bxh5 Nf6 44.Bf3 Nd3
45.Rb8+ Kg7 46.Nc4 Ra6 47.Ra8 Rxa8 48.Bxa8 Nd5 49.Kf1 Kf6 50.Ke2 Ne5 51.Ne3 Nxe3
52.Kxe3 Nc4+ 53.Kf4 Nd6 54.Kg4 e5 55.Kh5 Kg7 56.g4 h6 57.g5 hxg5 58.Kxg5 e6
59.Bc6 Kf7 60.Ba8 Ke7 61.Bc6 Nf7+ 62.Kg6 Nd8 63.Be4 Nf7 64.Bc6 Nd6 65.Kg5 Nc4
66.Bb7 Nd2 67.f3 Kd6 68.Kf6 Nb3 69.Ba8 Nd4 70.Be4 Ne2 71.Ba8 Nf4 72.Be4 Nd5+
73.Kf7 Nb6 74.Kf6 Nd7+ 75.Kf7 Nc5 76.Kf6 Na4 77.Bb7 Nc3 78.Be4 Nd5+ 79.Kf7 Nf4
80.Kf6  1/2-1/2

[Event "Kamen Piskov mem 3"]
[Site "Ruse"]
[Date "1983.??.??"]
[Round "9"]
[White "Arnaudov, Petar"]
[Black "Gunev, Zlatan"]
[Result "1-0"]
[WhiteElo "2345"]
[BlackElo "2310"]

1.Nf3 d5 2.c4 e6 3.g3 Nf6 4.Bg2 Be7 5.O-O O-O 6.b3 c5 7.Bb2 Nc6 8.e3 b6 9.Qe2 Bb7
10.Rd1 Qc7 11.Nc3 dxc4 12.bxc4 Rad8 13.d3 Rd7 14.Ng5 h6 15.Nh3 Rfd8 16.f4 Nb4
17.Bxb7 Qxb7 18.Nf2 Ne8 19.a3 Nc6 20.Qh5 Nf6 21.Qh3 h5 22.Qf1 a6 23.Rab1 b5
24.Ba1 b4 25.Nce4 Nxe4 26.Nxe4 f5 27.Nf2 Bf6 28.Qe2 Bxa1 29.Rxa1 g6 30.Qb2 Rf7
31.Nh3 Qe7 32.Ng5 Qf6 33.d4 Rfd7 34.axb4 Nxb4 35.Nf3 Rb7 36.Ne5 Rdb8 37.Qg2 cxd4
38.exd4 Kh7 39.h3 Qe7 40.Rd2 Qc7 41.g4 Rg8 42.Qf3 g5 43.gxf5 gxf4+ 44.Kh2 Rg5
45.f6 Rf5 46.f7 Rb8 47.Rg1 Rxe5 48.dxe5 Qxf7 49.Rd7  1-0

[Event "Silkeborg"]
[Site "Silkeborg"]
[Date "1983.??.??"]
[Round "9"]
[White "Knudsen, Per"]
[Black "Velikov, Petar"]
[Result "1/2-1/2"]
[WhiteElo "2295"]
[BlackElo "2460"]

1.Nf3 d5 2.c4 e6 3.b3 Nf6 4.Bb2 c6 5.g3 Nbd7 6.Bg2 b5 7.O-O Be7 8.d3 O-O
9.Nbd2 a5 10.Rc1 Qb6 11.Qc2 Ba6 12.cxb5 cxb5 13.Bd4 Qb7 14.Qb2 Rac8 15.Ne5 Nxe5
16.Bxe5 Qd7 17.h3 Rfd8 18.Rfd1 Ne8 19.f4 Bc5+ 20.Bd4 Qe7 21.Bxc5 Rxc5 22.d4 Rcc8
23.Rxc8 Rxc8 24.Rc1 Rc7 25.Rxc7 Qxc7 26.b4 Nd6 27.a3 a4 28.e3 g5 29.Bf1 h5
30.Nf3 Ne4 31.Kg2 h4 32.Bd3 hxg3 33.Nxg5 Nd6 34.Kxg3 Bc8 35.Nf3 f6 36.Ne1 Nc4
37.Qc1 Qf7 38.Bxc4 dxc4 39.Qd1 Bb7 40.Qg4+ Kf8 41.f5 Bc8 42.fxe6 Bxe6 43.Qf4 Qg6+
44.Kf2 Ke7 45.h4 Qh5 46.Qc7+ Ke8 47.Qc6+ Kf7 48.Nf3 Bg4 49.Qc7+ Ke8 50.Qb8+ Kf7
51.Qb7+ Ke8 52.Qa8+ Kf7 53.Qb7+ Ke8 54.Qb8+ Kf7 55.Qb7+  1/2-1/2

[Event "BCF-ch"]
[Site "Southport"]
[Date "1983.??.??"]
[Round "1"]
[White "Martin, Andrew D"]
[Black "Garwell, Jane"]
[Result "1-0"]
[WhiteElo "2340"]
[BlackElo "2090"]

1.Nf3 d5 2.c4 e6 3.d4 Nf6 4.Bg5 Be7 5.Nc3 h6 6.Bh4 O-O 7.e3 b6 8.Be2 Bb7
9.Bxf6 Bxf6 10.cxd5 exd5 11.O-O Qe7 12.Qb3 Rd8 13.Rad1 c5 14.dxc5 Bxc3 15.bxc3 Qxc5
16.Ne5 Nd7 17.Nd3 Qc4 18.Qa3 Nf6 19.Nf4 Qc7 20.Rd4 Ne4 21.Rc1 Qe5 22.Rcd1 g5
23.Nh5 Qf5 24.Bf3 g4 25.Ng3 Nxg3 26.Rxg4+ Kh8 27.hxg3  1-0

[Event "Keres mem"]
[Site "Tallinn"]
[Date "1983.??.??"]
[Round "10"]
[White "Tal, Mihail"]
[Black "Boensch, Uwe"]
[Result "1/2-1/2"]
[WhiteElo "2620"]
[BlackElo "2450"]

1.Nf3 d5 2.c4 e6 3.d4 Be7 4.Nc3 Nf6 5.Bg5 h6 6.Bxf6 Bxf6 7.e3 O-O 8.Rc1 c6
9.Bd3 Nd7 10.O-O b6 11.Qe2 Bb7 12.e4 dxe4 13.Qxe4 g6 14.Qe3 Bg7 15.Rfd1 Qc7
16.b4 a5 17.b5 c5 18.Be4 Bxe4 19.Nxe4 Rac8 20.d5 Rce8 21.Nc3 exd5 22.Nxd5 Qd6
23.Qf4 Qxf4 24.Nxf4 Nf6 25.Kf1 Re4 26.Nd5 Nxd5 27.Rxd5 Rfe8 28.Rd6 Re2 29.Re1 Rxe1+
30.Nxe1 Re4 31.Rxb6 Rxc4 32.Rb8+ Kh7 33.Rb7 Ra4 34.Rxf7 Rxa2 35.Rc7 Rb2 36.Nd3 Rxb5
37.Nxc5 Rb1+ 38.Ke2 Rc1 39.Kd2 Rc4 40.Kd3 Rc3+ 41.Kd2 Rc4 42.Kd3  1/2-1/2

[Event "Keres mem"]
[Site "Tallinn"]
[Date "1983.??.??"]
[Round "13"]
[White "Szekely, Peter"]
[Black "Nei, Iivo"]
[Result "1/2-1/2"]
[WhiteElo "2435"]
[BlackElo "2495"]

1.Nf3 d5 2.c4 c6 3.cxd5 cxd5 4.d4 Nc6 5.Nc3 e6 6.Bf4 Bd6 7.Bg3 Nf6 8.e3 O-O
9.Bd3 a6 10.Rc1 Be7 11.h3 Bd7 12.O-O Rc8 13.a3 Na5 14.Ne5 Nc4 15.Qe2  1/2-1/2

[Event "Trnava"]
[Site "Trnava"]
[Date "1983.??.??"]
[Round "?"]
[White "Lechtynsky, Jiri"]
[Black "Dobrovolsky, Ladislav"]
[Result "1/2-1/2"]
[WhiteElo "2480"]
[BlackElo "2385"]

1.Nf3 d5 2.c4 d4 3.e3 Nc6 4.exd4 Nxd4 5.Nxd4 Qxd4 6.Nc3 Bd7 7.d3 e5 8.Be3 Qd6
9.Qb3 Qb4 10.Be2 Qxb3 11.axb3 Ne7 12.O-O a6 13.b4 Nf5 14.Nd5 Rc8 15.Bf3 Be6
16.Nc3 Nxe3 17.fxe3 c6 18.b5 axb5 19.cxb5 Bc5 20.Rfe1 O-O 21.bxc6 bxc6 22.Ra5 Bd6
23.Ra6 Rfd8 24.Rxc6 Rxc6 25.Bxc6 Bc5 26.Bb5 f5 27.Kf1 Rb8 28.Ke2 Bb4 29.Bc4 Bxc4
30.dxc4 Bxc3 31.bxc3 Rb2+ 32.Kf3 Rc2 33.Rb1 Rxc3 34.Rb5 f4 35.Rxe5 fxe3  1/2-1/2

[Event "Tuzla"]
[Site "Tuzla"]
[Date "1983.??.??"]
[Round "4"]
[White "Dizdar, Goran"]
[Black "Campora, Daniel H"]
[Result "1-0"]
[WhiteElo "2450"]
[BlackElo "2485"]

1.Nf3 d5 2.c4 e6 3.g3 Nf6 4.Bg2 Be7 5.O-O O-O 6.b3 c5 7.Bb2 Nc6 8.e3 b6 9.Nc3 Bb7
10.cxd5 Nxd5 11.Nxd5 exd5 12.d4 Bf6 13.Qd2 Rc8 14.Rfd1 Ne7 15.Rac1 c4 16.Ne5 cxb3
17.axb3 Qd6 18.Bh3 Rxc1 19.Rxc1 Bc8 20.Bxc8 Rxc8 21.Rxc8+ Nxc8 22.Qc1 Qe6
23.Qc7 h5 24.Nd7 Nd6 25.Qxa7 h4 26.Qb8+ Ne8 27.Nxf6+ gxf6 28.gxh4 Kh7 29.Qf4 Qc6
30.Qf5+ Kg8 31.h5 Ng7 32.Qg4 Kh7 33.Ba3 Qc2 34.h6 Ne6 35.Be7 f5 36.Qh5 Qb1+
37.Kg2 Qe4+ 38.Kh3 f4 39.Qxf7+ Kxh6 40.Bf8+ Kg5 41.Be7+ Kh6 42.Qf6+ Kh7 43.Qh4+ Kg6
44.Qf6+ Kh7 45.Qh4+ Kg6 46.Qg4+ Kf7 47.Bh4 Ke8 48.Qh5+ Kf8 49.Qh8+ Kf7 50.Qh5+ Kf8
51.Qh8+ Kf7 52.Qf6+ Kg8 53.Qe5 Qxe5 54.dxe5 fxe3 55.fxe3 Nc5 56.b4 Nd3 57.b5 Nxe5
58.Kg3 Kf7 59.Bd8 Nc4 60.Kf4 Kg6 61.Be7 Kf7 62.Bb4 Ke6 63.Bc3 Nd6 64.Bd4 Nxb5
65.Bxb6 Nd6 66.Bd4 Nf5 67.Kg5 Ne7 68.Bc5 Nc6 69.Bd4 Ne7 70.h3 Nc6 71.Kg6 Ne7+
72.Kg5 Nc6 73.Bf6 Nb8 74.Kg6  1-0